Priznanie k dani z príjmov právnických osôb za rok 2000

Podávanie priznania k dani z príjmov právnických osôb za zdaňovacie obdobie roku 2000. Príklad k vyplneniu daňového priznania. Vzory vyplnených tlačív.

Salvato in:
Dettagli Bibliografici
Autore principale: Pohlod, Ján
Natura: Capitolo di libro
Lingua:slovacco
Soggetti:
Tags: Aggiungi Tag
Nessun Tag, puoi essere il primo ad aggiungerne!!

MARC

LEADER 00000naa a2200000 4500
001 r040707
005 20231003084259.9
041 0 |a slo 
044 |a SK 
245 1 0 |a Priznanie k dani z príjmov právnických osôb za rok 2000  |c Ján Pohlod 
520 |a Podávanie priznania k dani z príjmov právnických osôb za zdaňovacie obdobie roku 2000. Príklad k vyplneniu daňového priznania. Vzory vyplnených tlačív. 
610 2 0 |a priznania daňové 
610 2 0 |a dane z príjmov 
610 2 0 |a osoby právnické 
610 2 0 |a 2000 
100 1 |a Pohlod, Ján